000 01121nkm a2200265 i 4500
001 3160
003 ES-MaACL
005 20250722125355.0
007 khrbo
008 050915s1983 sp --- g |001||spa d
100 0 _aAlfonso,
_d1902-1990
_919858
245 1 0 _aPresentación del libro "Tiempo adverso" de Hjalmar Flax [
_hFotografía] /
_cAlfonso (sello).
260 _a[S.l. :
_bs.n.],
_c1983.
300 _a3 fot. :
_bb. y n. ;
_c11,5 x 18 cm.
500 _aDatos basados en invitación.
511 0 _aIntervienen: Jorge Rodríguez Padrón.
518 _aActo organizado por el Ateneo de Madrid en colaboración con la editorial Playor, celebrado en la sala de conferencias el viernes, 18 de marzo de 1983, a las 20:00 h.
600 0 4 _aRodríguez Padrón, Jorge,
_d1943-
_998716
610 2 7 _aAteneo de Madrid-
_xActos culturales-
_y1983-
_vFotografías.
_91896
710 2 _aAteneo de Madrid.
_91875
710 2 _aPlayor (Madrid)
_96228
852 _aES-MaACL
_jFOT 26/1983
856 4 _uhttp://www.ateneodemadrid.net/biblioteca_digital/imagenes/1983/0026-1983.jpg
_zVer imagen
999 _c3160
_d3160